|
|
|
|
| LEADER |
00000ngm a2200000 a 4500 |
| 001 |
vtls008162897 |
| 003 |
SK-MaSNL |
| 005 |
20260302074033.0 |
| 007 |
vf cbahos |
| 008 |
050627s2005 xo 085 d vlcze |
| 028 |
4 |
2 |
|a 2409
|b Intersonic
|
| 040 |
|
|
|a SNK
|b slo
|c SNK
|e AACR2
|
| 041 |
0 |
|
|a cze
|
| 044 |
|
|
|a xo
|c SK
|
| 072 |
|
7 |
|a 791
|x Film. Cirkus. Ľudová zábava
|2 konspekt
|
| 080 |
|
|
|a 791.221.71(73)
|2 2001
|
| 080 |
|
|
|a (086.86)
|2 2001
|
| 130 |
0 |
|
|a Crashlanding
|l Česky
|9 739173
|
| 245 |
0 |
0 |
|a Smršť nad Pacifikem
|h videozáznam
|c [réžia Jay Andrews]
|
| 260 |
|
|
|a Bratislava
|b Intersonic
|c 2005
|
| 300 |
|
|
|a 1 videokazeta (85 min.)
|b fareb., stereo, VHS systém PAL
|c 10 x 19 cm
|
| 650 |
0 |
7 |
|a hrané filmy
|2 SNKPH
|9 68885
|
| 650 |
0 |
7 |
|a katastrofické filmy
|2 SNKPH
|9 51532
|
| 655 |
|
7 |
|a videokazety
|2 SNKPH
|9 70726
|
| 700 |
1 |
|
|a Andrews, Jay
|4 drt
|9 296475
|
| 999 |
|
|
|c 1163366
|d 1165296
|
| 952 |
|
|
|a SNK
|b SNK
|y PREZ
|7 0
|p 17A0389960
|o snkSVC 1609
|i snk2005/11171
|8 0
|0 0
|1 0
|4 0
|d 2005-06-27
|l 0
|r 2026-02-24 20:40:14
|w 2026-02-24
|